[Event "4NCL Division 1a"]
[Site "Northampton, ENG"]
[Date "2018.02.11"]
[Round "6.11"]
[White "Libiszewski, Fabien"]
[Black "Sadler, Matthew D"]
[Result "0-1"]
[WhiteElo "2529"]
[BlackElo "2690"]
[PlyCount "64"]
[EventDate "2018.02.11"]
[WhiteTeam "3Cs 1"]
[BlackTeam "Guildford 1"]

1. e4 e6 2. d4 d5 3. Nd2 Be7 4. Ngf3 Nf6 5. e5 Nfd7 6. Bd3 c5 7. c3 Nc6 8. O-O
g5 9. dxc5 Ndxe5 10. Nxe5 Nxe5 11. Nb3 Nxd3 12. Qxd3 f6 13. f4 gxf4 14. Bxf4 e5
15. Bh6 Rg8 16. Qxh7 Be6 17. Bg7 Qd7 18. Kh1 Bd8 19. Qg6+ Bf7 20. Qg3 Be7 21.
Na5 b6 22. cxb6 axb6 23. Nb3 Ra4 24. h3 Re4 25. a4 d4 26. cxd4 Qd5 27. a5 Qxb3
28. Qxb3 Bxb3 29. dxe5 fxe5 30. axb6 Rxg7 31. b7 Bd6 32. Ra8+ Ke7 0-1

[Event "4NCL Division 1a"]
[Site "Northampton, ENG"]
[Date "2018.02.11"]
[Round "6.12"]
[White "Jones, Gawain C B"]
[Black "Horton, Andrew P"]
[Result "1-0"]
[WhiteElo "2646"]
[BlackElo "2389"]
[PlyCount "155"]
[EventDate "2018.02.11"]
[WhiteTeam "Guildford 1"]
[BlackTeam "3Cs 1"]

1. Nf3 Nf6 2. g3 b5 3. Bg2 Bb7 4. Na3 b4 5. Nc4 a5 6. d3 e6 7. e4 d6 8. O-O Be7
9. a3 O-O 10. axb4 axb4 11. Na5 Ba6 12. Bd2 c5 13. e5 Nd5 14. Qe2 Qc7 15. exd6
Bxd6 16. Ng5 Bc8 17. Qe4 g6 18. Nc4 Rxa1 19. Rxa1 Be7 20. h4 Nc6 21. h5 Nd4 22.
hxg6 hxg6 23. Qh4 Nf6 24. c3 bxc3 25. bxc3 Nf5 26. Qh1 Kg7 27. Bf4 Qd8 28. Ne5
Rh8 29. Bh3 Nd6 30. Ra7 Nd5 31. Nc6 Qb6 32. Be5+ Bf6 33. Qf3 Bb7 34. Bxd6 Qxc6
35. Be5 Bxe5 36. Qxf7+ Kh6 37. Rxb7 Kxg5 38. Bg2 Qe8 39. Bxd5 Qxf7 40. Rxf7
Bxc3 41. Bxe6 Kh6 42. Bd5 Rh7 43. Rf4 Rd7 44. Be4 Rd6 45. Kg2 Rf6 46. Rh4+ Kg7
47. Rg4 Kh6 48. f4 Bd4 49. Rg5 Rd6 50. Kf3 Kg7 51. Rg4 Kh6 52. Rh4+ Kg7 53. Rh1
Rb6 54. Bd5 Rd6 55. Bc4 Bf6 56. Rb1 Rd7 57. Rb6 Be7 58. Re6 Bf6 59. Kg4 Be7 60.
Rc6 Bd6 61. Rc8 Bf8 62. Kf3 Be7 63. Rg8+ Kh7 64. Rc8 Kg7 65. Ke4 Bf8 66. Ke5
Ra7 67. g4 Be7 68. Rg8+ Kh7 69. g5 Rc7 70. Bd5 Rd7 71. Ra8 Kg7 72. Ra6 Bd8 73.
Be4 Bc7+ 74. Ke6 Rf7 75. Ra7 Kf8 76. Bxg6 Re7+ 77. Kf5 Kg7 78. Bh5 1-0

[Event "4NCL Division 1a"]
[Site "Northampton, ENG"]
[Date "2018.02.11"]
[Round "6.13"]
[White "Ashton, Adam G"]
[Black "Van Kampen, Robin"]
[Result "0-1"]
[WhiteElo "2376"]
[BlackElo "2646"]
[PlyCount "54"]
[EventDate "2018.02.11"]
[WhiteTeam "3Cs 1"]
[BlackTeam "Guildford 1"]

1. e4 c5 2. Nf3 d6 3. Bb5+ Nc6 4. O-O Bd7 5. Re1 Nf6 6. c3 a6 7. Ba4 b5 8. Bc2
Bg4 9. h3 Bxf3 10. Qxf3 g6 11. a4 Bg7 12. axb5 axb5 13. Rxa8 Qxa8 14. Qd1 Nd7
15. d3 O-O 16. Be3 Qa1 17. Qc1 b4 18. Bb3 Na5 19. Bd1 Rb8 20. Be2 bxc3 21. bxc3
Nb6 22. c4 Na4 23. Nd2 Qa2 24. Bf1 Nc3 25. Kh2 Rb2 26. Qa1 Rxd2 27. Bxd2 Qxd2
0-1

[Event "4NCL Division 1a"]
[Site "Northampton, ENG"]
[Date "2018.02.11"]
[Round "6.14"]
[White "Edouard, Romain"]
[Black "Longson, Alexander"]
[Result "1-0"]
[WhiteElo "2613"]
[BlackElo "2307"]
[PlyCount "125"]
[EventDate "2018.02.11"]
[WhiteTeam "Guildford 1"]
[BlackTeam "3Cs 1"]

1. Nf3 d5 2. c4 e6 3. g3 dxc4 4. Qa4+ Nd7 5. Bg2 a6 6. Qxc4 b5 7. Qb3 Bb7 8.
O-O Ngf6 9. d3 Be7 10. Nc3 c5 11. a4 b4 12. Nb1 O-O 13. Nbd2 Ne8 14. Nc4 Nd6
15. Nxd6 Bxd6 16. Nd2 Bxg2 17. Kxg2 Rc8 18. Nc4 Nb6 19. Bg5 Be7 20. Bxe7 Qxe7
21. Rfc1 Rfd8 22. Nxb6 Qb7+ 23. Kg1 Qxb6 24. Rc4 e5 25. Rac1 g6 26. e3 Rc7 27.
Qc2 Rcd7 28. Rxc5 Rxd3 29. Rxe5 Qf6 30. Re8+ Rxe8 31. Qxd3 Qxb2 32. Rb1 Qa3 33.
Qxa6 b3 34. Qb5 Ra8 35. Rxb3 Qxa4 36. Qd5 Re8 37. Rb7 Qa1+ 38. Kg2 Qf6 39. g4
h6 40. Rb4 Qe6 41. Qf3 Kg7 42. h4 Rc8 43. Rd4 Rc5 44. Qb7 Qc6+ 45. Qxc6 Rxc6
46. Rd5 Rc4 47. f4 Rc2+ 48. Kf3 Rc1 49. h5 gxh5 50. Rxh5 Rf1+ 51. Ke4 Ra1 52.
Rd5 Ra3 53. Re5 Kf6 54. Re8 Ra4+ 55. Kf3 Ra3 56. Kg3 Kg7 57. Kh4 Ra1 58. e4 Ra3
59. e5 Re3 60. f5 Kh7 61. e6 fxe6 62. Re7+ Kg8 63. Rxe6 1-0

[Event "4NCL Division 1a"]
[Site "Northampton, ENG"]
[Date "2018.02.11"]
[Round "6.15"]
[White "Congiu, Mathilde"]
[Black "Pert, Nicholas"]
[Result "0-1"]
[WhiteElo "2214"]
[BlackElo "2550"]
[PlyCount "152"]
[EventDate "2018.02.11"]
[WhiteTeam "3Cs 1"]
[BlackTeam "Guildford 1"]

1. e4 c5 2. Nc3 Nc6 3. g3 g6 4. Bg2 Bg7 5. d3 Nf6 6. Be3 d6 7. h3 O-O 8. Nge2
Rb8 9. d4 cxd4 10. Nxd4 Bd7 11. O-O Na5 12. a4 a6 13. Qd3 Qc8 14. Kh2 Nc4 15.
Bc1 Ne5 16. Qd1 b5 17. axb5 axb5 18. Nd5 Re8 19. Bg5 Nxd5 20. exd5 Qc5 21. c3
b4 22. Be3 Nc4 23. Ne6 Nxe3 24. Nxc5 Nxd1 25. Nxd7 Rb7 26. Rfxd1 Rxd7 27. cxb4
Rb7 28. Ra4 Reb8 29. b3 Rxb4 30. Rxb4 Rxb4 31. Rd3 Bd4 32. Kg1 Kg7 33. Bf1 e5
34. dxe6 fxe6 35. Bg2 d5 36. Kf1 g5 37. Ke2 Kf6 38. Bf3 Ke7 39. Bg2 Kd6 40. f4
h6 41. Bf3 Kc5 42. Bg4 Rb6 43. Bf3 gxf4 44. gxf4 Bf6 45. f5 d4 46. fxe6 Rxe6+
47. Kd1 Ra6 48. Bg4 Bg5 49. Ke2 Be3 50. Kf3 Kd5 51. Rxe3 Rf6+ 52. Ke2 dxe3 53.
Kxe3 Rb6 54. Bd1 Ke5 55. Kf3 Rb4 56. Kg3 Re4 57. Kf3 Rb4 58. Ke3 Rh4 59. Bg4 h5
60. Bd7 Rb4 61. Ba4 Kf6 62. Kf2 Kg5 63. Kg3 Re4 64. Kf3 Rf4+ 65. Kg3 Rb4 66.
Kf2 Kh4 67. Bd7 Rxb3 68. Be6 Rc3 69. Bd7 Kg5 70. Be6 Kf4 71. Bd7 Rc2+ 72. Ke1
Rc7 73. Bb5 Kg3 74. Be2 Rc5 75. Bf1 Rc1+ 76. Ke2 h4 0-1

[Event "4NCL Division 1a"]
[Site "Northampton, ENG"]
[Date "2018.02.11"]
[Round "6.16"]
[White "Le Roux, Jean-Pierre"]
[Black "Walton, Alan J"]
[Result "1-0"]
[WhiteElo "2555"]
[BlackElo "2184"]
[PlyCount "51"]
[EventDate "2018.02.11"]
[WhiteTeam "Guildford 1"]
[BlackTeam "3Cs 1"]

1. d4 e6 2. Nf3 d5 3. Bf4 Nf6 4. e3 c5 5. c3 Qb6 6. Qb3 c4 7. Qc2 Bd6 8. Bg3
Nbd7 9. Nbd2 h6 10. Bxd6 Qxd6 11. e4 Qc7 12. e5 Ng8 13. b3 cxb3 14. Qxb3 Ne7
15. Qa3 Nb6 16. Bd3 O-O 17. O-O f5 18. exf6 gxf6 19. Rac1 Nc6 20. c4 Qf4 21.
Rfe1 Rf7 22. cxd5 exd5 23. Bg6 Rc7 24. Re8+ Kg7 25. Bh5 Nd7 26. Rxc6 1-0

[Event "4NCL Division 1a"]
[Site "Northampton, ENG"]
[Date "2018.02.11"]
[Round "6.17"]
[White "Horton, Jamie A"]
[Black "Stefanova, Antoaneta"]
[Result "1/2-1/2"]
[WhiteElo "2184"]
[BlackElo "2489"]
[PlyCount "89"]
[EventDate "2018.02.11"]
[WhiteTeam "3Cs 1"]
[BlackTeam "Guildford 1"]

1. d4 d5 2. c4 c6 3. Nf3 Nf6 4. Qc2 g6 5. Bf4 Bg7 6. e3 O-O 7. Nc3 Na6 8. Be2
Bf5 9. Qb3 Qb6 10. O-O dxc4 11. Bxc4 Qxb3 12. Bxb3 Nb4 13. Ne1 Rfc8 14. a3 Nbd5
15. Nxd5 Nxd5 16. Bg3 a5 17. Nf3 a4 18. Ba2 Ra5 19. Rfd1 h6 20. Rac1 Rb5 21.
Rd2 Nf6 22. Be5 Ne4 23. Re2 c5 24. Bxg7 Kxg7 25. dxc5 Rbxc5 26. Rxc5 Rxc5 27.
h3 Rc1+ 28. Kh2 Bd7 29. Bd5 Bb5 30. Re1 Rxe1 31. Nxe1 Nxf2 32. Bf3 Bc6 33. Kg3
Ne4+ 34. Kf4 Nd6 35. Bxc6 bxc6 36. Nd3 Kf6 37. Nc5 g5+ 38. Kf3 Ke5 39. Nxa4 Kd5
40. b3 h5 41. Nc3+ Ke5 42. g4 hxg4+ 43. hxg4 f6 44. a4 Ne8 45. Ke2 1/2-1/2

[Event "4NCL Division 1a"]
[Site "Northampton, ENG"]
[Date "2018.02.11"]
[Round "6.18"]
[White "Hebden, Mark L"]
[Black "Bentley, John L"]
[Result "1-0"]
[WhiteElo "2454"]
[BlackElo "2144"]
[PlyCount "39"]
[EventDate "2018.02.11"]
[WhiteTeam "Guildford 1"]
[BlackTeam "3Cs 1"]

1. d4 Nf6 2. Bf4 g6 3. Nc3 d5 4. Qd2 Bg7 5. Bh6 O-O 6. Bxg7 Kxg7 7. f3 c5 8. e3
Nc6 9. g4 Qa5 10. Bb5 e5 11. dxe5 Nxg4 12. Bxc6 d4 13. exd4 cxd4 14. Qxd4 bxc6
15. fxg4 Rd8 16. Qf4 Rb8 17. Nge2 Rxb2 18. O-O Be6 19. Qf6+ Kg8 20. Nf4 1-0

[Event "4NCL Division 1a"]
[Site "Northampton, ENG"]
[Date "2018.02.11"]
[Round "6.21"]
[White "Roberson, Peter T"]
[Black "Plat, Vojtech"]
[Result "0-1"]
[WhiteElo "2415"]
[BlackElo "2560"]
[PlyCount "124"]
[EventDate "2018.02.11"]
[WhiteTeam "Grantham Sharks 1"]
[BlackTeam "White Rose 1"]

1. e4 d6 2. d4 Nf6 3. Nc3 e5 4. Nf3 Nbd7 5. Bc4 Be7 6. O-O O-O 7. a4 a5 8. Re1
c6 9. h3 Nb6 10. Bf1 Nfd7 11. b3 exd4 12. Nxd4 Nc5 13. Ba3 Re8 14. Qf3 Bf6 15.
Rad1 Qe7 16. Qg3 Bd7 17. Re3 Qe5 18. Qxe5 Bxe5 19. Nf3 Bxc3 20. Bxc5 dxc5 21.
Rxc3 Rxe4 22. Rxc5 Re7 23. Re5 Kf8 24. Bd3 h6 25. Kf1 Rxe5 26. Nxe5 Be6 27. Nf3
Rd8 28. Ke1 Bd5 29. Be2 Ke7 30. Nd4 Be4 31. Bf3 Bg6 32. Rd2 Kf6 33. Ne2 Rxd2
34. Kxd2 Ke5 35. c3 f6 36. Nd4 c5 37. Ne2 c4 38. b4 Be4 39. Bxe4 Kxe4 40. bxa5
Nxa4 41. f3+ Ke5 42. Nd4 Nc5 43. Ke3 g6 44. Nb5 Ne6 45. g3 Kd5 46. Na7 Kc5 47.
Nc8 Nc7 48. h4 Nd5+ 49. Kd2 f5 50. g4 fxg4 51. fxg4 g5 52. hxg5 hxg5 53. Kc2
Ne3+ 54. Kd2 Nxg4 55. Ne7 Nf6 56. Nf5 Ne4+ 57. Ke3 Nxc3 58. Ng7 Kd5 59. Ne8 Ke5
60. Ng7 Nd5+ 61. Kd2 Nf6 62. Kc3 g4 0-1

[Event "4NCL Division 1a"]
[Site "Northampton, ENG"]
[Date "2018.02.11"]
[Round "6.22"]
[White "Alsina Leal, Daniel"]
[Black "Rendle, Thomas E"]
[Result "0-1"]
[WhiteElo "2496"]
[BlackElo "2359"]
[PlyCount "126"]
[EventDate "2018.02.11"]
[WhiteTeam "White Rose 1"]
[BlackTeam "Grantham Sharks 1"]

1. e4 e6 2. d4 d5 3. Nc3 Nc6 4. e5 Nge7 5. Nf3 Nf5 6. h4 Bb4 7. g4 Nfe7 8. h5
h6 9. a3 Bxc3+ 10. bxc3 Na5 11. Bd3 b6 12. g5 Qd7 13. gxh6 gxh6 14. Nh2 Bb7 15.
Bxh6 Rxh6 16. Ng4 Ng8 17. Qd2 Qc6 18. Nxh6 Nxh6 19. Qxh6 Qxc3+ 20. Ke2 O-O-O
21. Qf4 Nc6 22. Rad1 Nxd4+ 23. Kf1 c5 24. h6 c4 25. h7 cxd3 26. h8=Q dxc2 27.
Qxd8+ Kxd8 28. Rc1 Qd3+ 29. Kg2 Qg6+ 30. Qg3 Qe4+ 31. f3 Qe2+ 32. Qf2 Qxe5 33.
Qh4+ Kd7 34. Rhe1 Qg7+ 35. Qg4 Qxg4+ 36. fxg4 f6 37. Kf2 Kd6 38. Rh1 Ba6 39.
Rh7 Bd3 40. Rhh1 Be4 41. Rh3 b5 42. Rc3 a5 43. Ke3 b4 44. axb4 axb4 45. Rc8 Ke5
46. Rc7 b3 47. Rb7 Bf3 48. Kd3 Ne2 49. Kd2 Nxc1 50. Kxc1 Bxg4 51. Rxb3 Bf5 52.
Kd2 Be4 53. Rb8 f5 54. Rf8 f4 55. Rf7 Bf5 56. Rc7 f3 57. Ke3 Be4 58. Rc5 Kf5
59. Rc8 e5 60. Rf8+ Ke6 61. Kd2 Bf5 62. Rc8 d4 63. Re8+ Kf6 0-1

[Event "4NCL Division 1a"]
[Site "Northampton, ENG"]
[Date "2018.02.11"]
[Round "6.23"]
[White "Bremner, Adam"]
[Black "Palliser, Richard J D"]
[Result "1/2-1/2"]
[WhiteElo "2221"]
[BlackElo "2419"]
[PlyCount "51"]
[EventDate "2018.02.11"]
[WhiteTeam "Grantham Sharks 1"]
[BlackTeam "White Rose 1"]

1. d4 Nf6 2. Nf3 e6 3. c3 c5 4. Bg5 cxd4 5. cxd4 Bb4+ 6. Nbd2 h6 7. Bxf6 Qxf6
8. a3 Bxd2+ 9. Qxd2 O-O 10. e3 d6 11. Be2 e5 12. dxe5 dxe5 13. Qc3 Nc6 14. Bb5
Qg6 15. Bxc6 bxc6 16. Qxe5 Ba6 17. O-O-O Rfe8 18. Qc3 Rab8 19. Rd7 Qe6 20. Rhd1
Qa2 21. Nd4 Re4 22. Qc2 g6 23. Qb1 Qc4+ 24. Qc2 Qa2 25. Qb1 Qc4+ 26. Qc2
1/2-1/2

[Event "4NCL Division 1a"]
[Site "Northampton, ENG"]
[Date "2018.02.11"]
[Round "6.24"]
[White "Adair, James R"]
[Black "Foisor, Mihaela-Veronica"]
[Result "1-0"]
[WhiteElo "2476"]
[BlackElo "2228"]
[PlyCount "61"]
[EventDate "2018.02.11"]
[WhiteTeam "White Rose 1"]
[BlackTeam "Grantham Sharks 1"]

1. e4 e6 2. d4 d5 3. Nd2 Nf6 4. e5 Nfd7 5. Bd3 c5 6. c3 Nc6 7. Ne2 cxd4 8. cxd4
f6 9. exf6 Qxf6 10. O-O Bd6 11. Nf3 h6 12. Ng3 O-O 13. Bc2 Rd8 14. Re1 Nf8 15.
Ne5 Qh4 16. f4 Bxe5 17. dxe5 Bd7 18. Be3 Be8 19. Rc1 Kh8 20. Bc5 Ng6 21. f5
Ngxe5 22. fxe6 b6 23. Bf8 Qg5 24. Nf5 Bh5 25. Bxg7+ Qxg7 26. Qxh5 Qg5 27. Qxg5
hxg5 28. e7 Re8 29. Ba4 Rac8 30. Nd6 Nd3 31. Rxc6 1-0

[Event "4NCL Division 1a"]
[Site "Northampton, ENG"]
[Date "2018.02.11"]
[Round "6.25"]
[White "Willis, Rupert"]
[Black "Wells, Peter K"]
[Result "0-1"]
[WhiteElo "2117"]
[BlackElo "2427"]
[PlyCount "52"]
[EventDate "2018.02.11"]
[WhiteTeam "Grantham Sharks 1"]
[BlackTeam "White Rose 1"]

1. Nf3 d5 2. c4 e6 3. g3 dxc4 4. Bg2 a6 5. a4 Nc6 6. Na3 e5 7. Nxc4 e4 8. Nfe5
Nxe5 9. Nxe5 Qd4 10. f4 Bb4 11. Qc2 Nf6 12. Qc4 Qxc4 13. Nxc4 Be6 14. Ne3 O-O-O
15. Nc2 Be7 16. b4 h5 17. Rb1 h4 18. O-O hxg3 19. hxg3 Nh5 20. Ne3 Nxg3 21. f5
Nxe2+ 22. Kf2 Nxc1 23. Rfxc1 Rxd2+ 24. Kf1 Ba2 25. Rd1 Bxb1 26. Rxd2 Bd3+ 0-1

[Event "4NCL Division 1a"]
[Site "Northampton, ENG"]
[Date "2018.02.11"]
[Round "6.26"]
[White "Gourlay, Iain"]
[Black "Purton, Ben J"]
[Result "1/2-1/2"]
[WhiteElo "2371"]
[BlackElo "2106"]
[PlyCount "65"]
[EventDate "2018.02.11"]
[WhiteTeam "White Rose 1"]
[BlackTeam "Grantham Sharks 1"]

1. c4 e5 2. g3 Nc6 3. Bg2 g6 4. Nc3 Bg7 5. e4 d6 6. d3 Nge7 7. Nge2 O-O 8. O-O
Be6 9. Nd5 Qd7 10. Be3 Nd4 11. Nxd4 exd4 12. Bh6 Bxd5 13. Bxg7 Kxg7 14. cxd5 c5
15. dxc6 Qxc6 16. Qd2 Qb6 17. Qf4 f6 18. Rac1 Rad8 19. Rc2 Nc6 20. Qd2 Ne5 21.
Rd1 Rc8 22. h3 Rxc2 23. Qxc2 Rf7 24. Rc1 Qb5 25. f4 Nc6 26. a3 a5 27. b3 Nb8
28. Qc4 Qb6 29. b4 Na6 30. bxa5 Qb2 31. Rc2 Qb1+ 32. Rc1 Qb2 33. Rc2 1/2-1/2

[Event "4NCL Division 1a"]
[Site "Northampton, ENG"]
[Date "2018.02.11"]
[Round "6.27"]
[White "Murphy, Hugh W"]
[Black "McNab, Colin A"]
[Result "0-1"]
[WhiteElo "2104"]
[BlackElo "2423"]
[PlyCount "112"]
[EventDate "2018.02.11"]
[WhiteTeam "Grantham Sharks 1"]
[BlackTeam "White Rose 1"]

1. d4 d6 2. e4 g6 3. Nf3 Nf6 4. Bd3 Bg7 5. O-O O-O 6. c3 Nc6 7. Bg5 h6 8. Bh4
e5 9. dxe5 Nxe5 10. Nxe5 dxe5 11. Qc2 b6 12. Nd2 Qe8 13. Rfe1 Nh5 14. a4 Bf6
15. Bxf6 Nxf6 16. Bb5 Bd7 17. Bxd7 Qxd7 18. Nc4 Qe6 19. Ne3 Rad8 20. Rad1 Kg7
21. f3 Rfe8 22. g3 h5 23. h4 Kf8 24. Kg2 c6 25. b3 Qe7 26. Rxd8 Rxd8 27. Rd1
Rxd1 28. Qxd1 Qd7 29. Qxd7 Nxd7 30. b4 Ke7 31. Kf2 Ke6 32. g4 Nf6 33. g5 Ne8
34. Ke2 Nd6 35. c4 f6 36. gxf6 Kxf6 37. Kf2 g5 38. Kg3 Nb7 39. Nf5 c5 40. b5
Na5 41. Nd6 gxh4+ 42. Kxh4 Ke6 43. Nc8 Nxc4 44. Nxa7 Na5 45. f4 exf4 46. Nc8
Ke5 47. Nxb6 Kxe4 48. Nd7 c4 49. b6 Kd4 50. Nf8 c3 51. Ne6+ Ke3 52. Nc5 f3 53.
Nb3 Nb7 54. Kg3 h4+ 55. Kh3 f2 56. Kg2 h3+ 0-1

[Event "4NCL Division 1a"]
[Site "Northampton, ENG"]
[Date "2018.02.11"]
[Round "6.28"]
[White "Sucikova, Svetlana"]
[Black "Linford, Charles M"]
[Result "1/2-1/2"]
[WhiteElo "2100"]
[BlackElo "2127"]
[PlyCount "116"]
[EventDate "2018.02.11"]
[WhiteTeam "White Rose 1"]
[BlackTeam "Grantham Sharks 1"]

1. Nf3 c5 2. c4 b6 3. g3 Bb7 4. Bg2 Nf6 5. O-O e6 6. Nc3 Be7 7. b3 O-O 8. Bb2
a6 9. d4 cxd4 10. Qxd4 Qc7 11. Rfd1 Rd8 12. Rac1 Nc6 13. Qh4 d5 14. cxd5 Nxd5
15. Nxd5 Rxd5 16. Qg4 Rxd1+ 17. Rxd1 Bf8 18. Ng5 Nd8 19. Be4 f5 20. Bxf5 exf5
21. Qxf5 g6 22. Qh3 h6 23. Rxd8 Qc6 24. Qe6+ Qxe6 25. Nxe6 Rxd8 26. Nxd8 Bd5
27. Bd4 Bc5 28. Bxc5 bxc5 29. e4 Bxe4 30. Ne6 c4 31. bxc4 Bb1 32. a3 Ba2 33. f4
Bxc4 34. Nd4 Bd3 35. Kf2 Kf7 36. Ke3 Bc4 37. Nc6 Bb5 38. Ne5+ Kf6 39. Ke4 h5
40. Kd5 Kf5 41. Kd6 h4 42. gxh4 Kxf4 43. Nxg6+ Kg4 44. Kc5 Kh5 45. Nf4+ Kxh4
46. Nd5 Kh3 47. Nc7 Ba4 48. Kb4 Bd1 49. Nxa6 Kxh2 50. Nc5 Kg3 51. Nb3 Kf4 52.
a4 Ke5 53. a5 Bxb3 54. Kxb3 Kd6 55. a6 Kc7 56. a7 Kb7 57. Kc4 Ka8 58. Kd5 Kxa7
1/2-1/2

[Event "4NCL Division 1a"]
[Site "Northampton, ENG"]
[Date "2018.02.11"]
[Round "6.31"]
[White "Tan, Justin"]
[Black "Morrison, Graham"]
[Result "1-0"]
[WhiteElo "2479"]
[BlackElo "2304"]
[PlyCount "81"]
[EventDate "2018.02.11"]
[WhiteTeam "Oxford 1"]
[BlackTeam "Barbican 4NCL 2"]

1. e4 c5 2. Nf3 e6 3. d4 cxd4 4. Nxd4 Nc6 5. Nc3 d6 6. Be3 Nf6 7. Qe2 Be7 8.
O-O-O O-O 9. g4 a6 10. g5 Nxd4 11. Rxd4 Ng4 12. h4 Nxe3 13. Qxe3 b5 14. a3 Bb7
15. Rg1 Rc8 16. Qd2 Qb6 17. Kb1 Rc5 18. Rg3 Rfc8 19. f4 e5 20. fxe5 Rxe5 21.
Nd5 Bxd5 22. exd5 Bf8 23. h5 g6 24. hxg6 hxg6 25. Rf4 Rce8 26. Ka2 Bg7 27. Rgf3
R8e7 28. Rc3 Rc7 29. Rxc7 Qxc7 30. c4 Qb7 31. Qb4 Rf5 32. Rxf5 gxf5 33. Bd3 f4
34. Qxd6 bxc4 35. Qd8+ Bf8 36. Bxc4 f3 37. Qf6 Bg7 38. Qd8+ Bf8 39. g6 Kg7 40.
d6 Qc6 41. Qc7 1-0

[Event "4NCL Division 1a"]
[Site "Northampton, ENG"]
[Date "2018.02.11"]
[Round "6.32"]
[White "Rogers, Jonathan W"]
[Black "Martins, David Pires Tavares"]
[Result "0-1"]
[WhiteElo "2320"]
[BlackElo "2393"]
[PlyCount "44"]
[EventDate "2018.02.11"]
[WhiteTeam "Barbican 4NCL 2"]
[BlackTeam "Oxford 1"]

1. e4 e6 2. d4 d5 3. exd5 exd5 4. Nf3 Nf6 5. c4 Bb4+ 6. Nc3 O-O 7. Be2 dxc4 8.
Bxc4 Re8+ 9. Be3 Be6 10. Bxe6 Rxe6 11. O-O Nd5 12. Ng5 Re7 13. Qc2 Nf6 14. Qb3
Na6 15. Nf3 c6 16. Ne5 Qd6 17. Rad1 Qe6 18. Qa4 Bd6 19. h3 Nd5 20. Nxc6 bxc6
21. Qxa6 Nxe3 22. Rde1 Qc4 0-1

[Event "4NCL Division 1a"]
[Site "Northampton, ENG"]
[Date "2018.02.11"]
[Round "6.33"]
[White "Wu, Christopher"]
[Black "O'Toole, George E"]
[Result "1-0"]
[WhiteElo "2344"]
[BlackElo "2262"]
[PlyCount "85"]
[EventDate "2018.02.11"]
[WhiteTeam "Oxford 1"]
[BlackTeam "Barbican 4NCL 2"]

1. d4 Nf6 2. Nf3 g6 3. g3 Bg7 4. Bg2 O-O 5. O-O d6 6. b3 Nbd7 7. Bb2 Rb8 8.
Nbd2 c5 9. c4 Qc7 10. Qc2 b6 11. Rad1 Bb7 12. e4 cxd4 13. Nxd4 a6 14. Rfe1 b5
15. Qb1 Qb6 16. cxb5 axb5 17. Nf1 e5 18. Nc2 Nc5 19. Nb4 Ng4 20. Ne3 Nxe3 21.
Rxe3 Bh6 22. Re2 f5 23. exf5 Bxg2 24. Kxg2 Rxf5 25. Nd5 Qb7 26. Ba3 e4 27. Bxc5
Rxd5 28. Be3 Rxd1 29. Qxd1 Bxe3 30. Rxe3 d5 31. Qd4 b4 32. Re2 Qc6 33. h4 Rb5
34. Kh2 Qc3 35. Rxe4 dxe4 36. Qd8+ Kg7 37. Qd7+ Kf6 38. Qxb5 Qd4 39. Kg2 h5 40.
Qa6+ Kf5 41. Qc8+ Ke5 42. Qh8+ Kd5 43. Qg8+ 1-0

[Event "4NCL Division 1a"]
[Site "Northampton, ENG"]
[Date "2018.02.11"]
[Round "6.34"]
[White "Klingher, Dominic"]
[Black "Zakarian, David"]
[Result "0-1"]
[WhiteElo "2222"]
[BlackElo "2350"]
[PlyCount "68"]
[EventDate "2018.02.11"]
[WhiteTeam "Barbican 4NCL 2"]
[BlackTeam "Oxford 1"]

1. e4 c5 2. Nc3 a6 3. Nge2 e6 4. d4 cxd4 5. Nxd4 Qc7 6. Be3 Nf6 7. a3 b5 8. Bd3
Bb7 9. O-O Nc6 10. Kh1 h5 11. f4 h4 12. h3 Nxd4 13. Bxd4 Nh5 14. Ne2 Bc5 15.
Be5 d6 16. Bc3 Qc6 17. Rf3 Qd7 18. Qe1 d5 19. Nd4 dxe4 20. Bxe4 Ng3+ 21. Rxg3
hxg3 22. Nxe6 fxe6 23. Bg6+ Kd8 24. Qxg3 Kc7 25. b4 Bd6 26. Rd1 Bd5 27. Qe3 Qc6
28. Kg1 Rad8 29. a4 bxa4 30. Qa7+ Qb7 31. Qe3 Kb8 32. Bd4 Bxg2 33. Bb6 Rxh3 34.
Rxd6 Rxd6 0-1

[Event "4NCL Division 1a"]
[Site "Northampton, ENG"]
[Date "2018.02.11"]
[Round "6.35"]
[White "Eckersley-Waites, Tom"]
[Black "Crocker, Philip J"]
[Result "1/2-1/2"]
[WhiteElo "2323"]
[BlackElo "2090"]
[PlyCount "140"]
[EventDate "2018.02.11"]
[WhiteTeam "Oxford 1"]
[BlackTeam "Barbican 4NCL 2"]

1. e4 Nf6 2. Nc3 d5 3. exd5 Nxd5 4. Bc4 Nb6 5. Bb3 Nc6 6. Qf3 e6 7. Qg3 Nd4 8.
Nf3 Nf5 9. Qg4 Nd5 10. d3 Nf6 11. Qh3 Be7 12. g4 Nd4 13. Nxd4 Qxd4 14. g5 Nd5
15. Ne2 Qb6 16. d4 O-O 17. c3 c5 18. Bc2 g6 19. Qg2 cxd4 20. Nxd4 e5 21. Ne2
Be6 22. h4 Nf4 23. Nxf4 exf4 24. h5 Bc4 25. Qe4 Rac8 26. hxg6 fxg6 27. Bd3 Bxd3
28. Qxd3 Qe6+ 29. Qe2 Qxe2+ 30. Kxe2 Bxg5 31. Kf3 Rcd8 32. c4 Rd3+ 33. Kg2 Rf5
34. a4 Be7 35. Re1 f3+ 36. Kh3 Kf7 37. Be3 Bc5 38. Bxc5 Rxc5 39. Re4 Rb3 40.
Rf4+ Kg7 41. Rd1 Rc7 42. Rd2 Rb4 43. a5 Ra4 44. b3 Rxa5 45. Rxf3 Ra6 46. Kg3
Rf6 47. Rfd3 Rcf7 48. Ra2 a6 49. Rc2 g5 50. c5 h5 51. Kg2 g4 52. Rd4 Kg6 53. b4
Rf4 54. Rxf4 Rxf4 55. c6 bxc6 56. Rxc6+ Rf6 57. Rc4 Kg5 58. Rc5+ Rf5 59. Rc6
Rb5 60. Rxa6 Rxb4 61. Ra5+ Kh4 62. Rc5 Rb3 63. Ra5 Rf3 64. Rb5 Rf7 65. Ra5 Rg7
66. Rb5 Rg5 67. Rb8 Rf5 68. Rg8 Ra5 69. Rg7 Rg5 70. Ra7 Rf5 1/2-1/2

[Event "4NCL Division 1a"]
[Site "Northampton, ENG"]
[Date "2018.02.11"]
[Round "6.36"]
[White "Russell, Christopher"]
[Black "Manley, Jon P"]
[Result "1/2-1/2"]
[WhiteElo "2135"]
[BlackElo "2245"]
[PlyCount "60"]
[EventDate "2018.02.11"]
[WhiteTeam "Barbican 4NCL 2"]
[BlackTeam "Oxford 1"]

1. e4 e5 2. Nc3 Nf6 3. g3 d5 4. exd5 Nxd5 5. Bg2 Nxc3 6. bxc3 Bd6 7. Nf3 Nc6 8.
O-O O-O 9. Rb1 Rb8 10. Re1 h6 11. d4 Qf6 12. d5 Na5 13. Qe2 Bf5 14. Nxe5 Rfe8
15. f4 b6 16. Be3 Qd8 17. Qf2 Qc8 18. Nd3 Qa6 19. Nb4 Bxb4 20. Rxb4 Nc4 21. Bf1
b5 22. a4 Qd6 23. axb5 Nxe3 24. Rxe3 Qxd5 25. Rd4 Qa2 26. Rd2 Qb1 27. Rde2 Qxb5
28. Rxe8+ Rxe8 29. Rxe8+ Qxe8 30. Qxa7 Qc6 1/2-1/2

[Event "4NCL Division 1a"]
[Site "Northampton, ENG"]
[Date "2018.02.11"]
[Round "6.37"]
[White "Asenov, Pavel"]
[Black "Coleman, David J"]
[Result "1/2-1/2"]
[WhiteElo "2245"]
[BlackElo "2075"]
[PlyCount "60"]
[EventDate "2018.02.11"]
[WhiteTeam "Oxford 1"]
[BlackTeam "Barbican 4NCL 2"]

1. d4 Nf6 2. c4 g6 3. Nc3 Bg7 4. e4 d6 5. f3 O-O 6. Be3 Nc6 7. Nge2 a6 8. Qd2
Bd7 9. g4 e5 10. d5 Na5 11. Ng3 c5 12. h4 b5 13. h5 Qe7 14. Bh6 Bxh6 15. Qxh6
Ne8 16. Rc1 b4 17. Nd1 g5 18. Ne3 f6 19. Ngf5 Bxf5 20. Nxf5 Qd7 21. Be2 Ra7 22.
Bd1 Rc7 23. f4 exf4 24. Bf3 Ng7 25. Nxg7 Qxg7 26. Qxg7+ Rxg7 27. Kf2 h6 28. b3
Re7 29. Rhg1 Rfe8 30. Ra1 Nb7 1/2-1/2

[Event "4NCL Division 1a"]
[Site "Northampton, ENG"]
[Date "2018.02.11"]
[Round "6.38"]
[White "Bhatia, Kanwal K"]
[Black "Matta, Francesca"]
[Result "1-0"]
[WhiteElo "2027"]
[BlackElo "2020"]
[PlyCount "115"]
[EventDate "2018.02.11"]
[WhiteTeam "Barbican 4NCL 2"]
[BlackTeam "Oxford 1"]

1. e4 c5 2. c3 Qa5 3. Nf3 Nc6 4. d4 cxd4 5. Nxd4 Nxd4 6. Qxd4 e5 7. Qd1 Nf6 8.
Bd3 Be7 9. O-O O-O 10. Nd2 d6 11. Nc4 Qc7 12. Qe2 Be6 13. f4 Rac8 14. Na3 a6
15. f5 Bd7 16. Bg5 Bc6 17. Bxf6 Bxf6 18. Bc4 b5 19. Bb3 d5 20. exd5 Bxd5 21.
Bxd5 Qc5+ 22. Kh1 Qxd5 23. Nc2 Rfd8 24. Rfd1 Qc5 25. Ne3 Be7 26. Ng4 f6 27. Nf2
Qc6 28. Ne4 b4 29. h3 bxc3 30. Nxc3 Bb4 31. Ne4 Qa4 32. Rxd8+ Rxd8 33. Qc4+ Kf8
34. Nc5 Rd1+ 35. Kh2 Bxc5 36. Qxa4 Bg1+ 37. Kg3 Rd3+ 38. Kg4 Rd4+ 39. Qxd4 Bxd4
40. Rb1 Ke7 41. Kf3 Kd6 42. Ke4 Kc5 43. Rc1+ Kd6 44. b4 g6 45. g4 Bb2 46. Rb1
Bd4 47. a4 Bb6 48. Rc1 Bd8 49. Rc8 Be7 50. Ra8 gxf5+ 51. gxf5 Kc7 52. Ra7+ Kd8
53. Rxa6 Bxb4 54. Rxf6 Bc3 55. Rf7 h6 56. Rh7 Ke8 57. Rxh6 Ke7 58. Re6+ 1-0